Statistics for 15 Largest U.S. Cities

Click here to take the quiz!

General Stats

  • This quiz has been taken 53 times
  • The average score is 10 of 15

Answer Stats

PopulationAnswer% Correct
8,244,910New York
100%
3,819,702Los Angeles
96%
2,707,120Chicago
91%
1,223,229Dallas
89%
2,145,146Houston
87%
812,826San Francisco
76%
1,326,179San Diego
72%
1,536,471Philadelphia
67%
1,512,802Phoenix
61%
820,611Austin
54%
1,359,798San Antonio
50%
827,621Jacksonville
46%
967,487San Jose
37%
797,432Columbus
30%
827,609Indianapolis
28%

Score Distribution

Percentile by Number Answered

Percent of People with Each Score

Your Score History

You have not taken this quiz